Atlas das crianças (Registo nº 2749)

Detalhes MARC
000 -Etiqueta do registo
Cabeçalho 00885nam a22003011 4500
005 - Identificador da versão
Campo de controlo 20240813121943.0
010 ## - Número internacional normalizado dos livros (ISBN)
Número (ISBN) 2215061375
021 ## - Número do Depósito Legal
Código do país PT
Número 114780/97
100 ## - Dados gerais de processamento
Dados gerais de processamento 20011005d1998 cd y0pory5003 ba
102 ## - Pais de publicação ou produção
País de publicação Portugal
101 1# - Língua de publicação
Língua do texto, banda sonora, etc. Português
Língua do documento no original Francês
215 ## - Descrição física 
Indicação específica da natureza do documento e extensão da espécie 45 p.
Outras indicações físicas il. color.
Dimensões 34 cm.
200 1# - Titulo e menção de responsabilidade
Título próprio Atlas das crianças
Primeira menção de responsabilidade Valérie Le Du
Outras menções de responsabilidade il Colette David
-- trad. Alexandre Correia
205 ## - Menção da edição
Menção da edição 1ª ed
210 ## - Publicação, Distribuição, etc. 
Lugar da edição, distribuição, etc. Lisboa
Nome do editor, distribuidor, etc. Livros e Livros
Lugar da edição, distribuição, etc. Paris
Nome do editor, distribuidor, etc. Fleurus
Data da publicação, distribuição, etc. 1998
304 ## - Notas relativas a título e menção de responsabilidade 
Texto da nota Tít. orig.: Atlas des enfants
606 ## - Nome comum usado como assunto
Número de registo de entrada de autoridade 0001387
Palavra de ordem Geografia
Número de registo de entrada de autoridade 0001468
Palavra de ordem Etnografia
675 ## - Classificação Decimal Universal (CDU)
Notação 91
Edição
Língua da edição por
Notação 39
Edição
Língua da edição por
702 ## - Nome de autor-pessoa física (responsabilidade secundária)
Número de registo de entrada de autoridade 0001699
Palavra de ordem Le Du
Outra parte do nome não tomada para palavra de ordem Valérie
Código de função Ilustrador / Técnico de desenho computorizado
Número de registo de entrada de autoridade 0001700
Palavra de ordem Correia
Outra parte do nome não tomada para palavra de ordem Alexandre
Código de função Tradutor
700 ## - Nome de autor-pessoa física (responsabilidade principal)
Número de registo de entrada de autoridade 0001698
Palavra de ordem Delaroche
Outra parte do nome não tomada para palavra de ordem Jane
942 ## - Elementos de entrada adicionados (Koha)
Tipo de item no Koha Livro
Exemplares
Situação do levantamento Origin of item (home branch) (coded) Biblioteca de empréstimo Código de barras Cota Circulation type (not for loan) Tipo de documento Nota do exemplar Damaged status
  Biblioteca Escolar da Coca Maravilhas Biblioteca Escolar da Coca Maravilhas BECM5116/01 9GEO ATL   Livro Sem mensagem